|
|
|
|
| LEADER |
01811nam a22004931a 4500 |
| 001 |
EBC3331667 |
| 003 |
MiAaPQ |
| 005 |
20200520144314.0 |
| 006 |
m o d | |
| 007 |
cr cn||||||||| |
| 008 |
040519s2002 quc sb 001 0 eng d |
| 010 |
|
|
|z 2004401187
|
| 015 |
|
|
|a GBA2-Z6945
|
| 016 |
|
|
|z 20029021863
|
| 020 |
|
|
|z 0773523111 (bound)
|
| 020 |
|
|
|z 0773523251 (pbk.)
|
| 035 |
|
|
|a (MiAaPQ)EBC3331667
|
| 035 |
|
|
|a (Au-PeEL)EBL3331667
|
| 035 |
|
|
|a (CaPaEBR)ebr10178316
|
| 035 |
|
|
|a (CaONFJC)MIL286017
|
| 035 |
|
|
|a (OCoLC)923230218
|
| 040 |
|
|
|a MiAaPQ
|c MiAaPQ
|d MiAaPQ
|
| 043 |
|
|
|a n-cn---
|
| 050 |
|
4 |
|a HD2809
|b .L46 2002
|
| 055 |
0 |
1 |
|a HC115
|
| 055 |
|
3 |
|a HC115
|b L44 2002
|
| 055 |
0 |
0 |
|a HC115
|b L44 2002
|
| 082 |
0 |
4 |
|a 332.67/373071
|2 22
|
| 100 |
1 |
|
|a Levitt, Kari.
|
| 245 |
1 |
0 |
|a Silent surrender
|h [electronic resource] :
|b the multinational corporation in Canada /
|c Kari Levitt ; new introduction by the author ; new foreword by Mel Watkins.
|
| 260 |
|
|
|a Montreal :
|b McGill-Queen's University Press,
|c c2002.
|
| 300 |
|
|
|a xlvii, 193 p.
|
| 490 |
1 |
|
|a Carleton library series ;
|v 196
|
| 500 |
|
|
|a First ed. published: Toronto : Macmillan of Canada, 1970.
|
| 504 |
|
|
|a Includes bibliographical references and index.
|
| 533 |
|
|
|a Electronic reproduction. Ann Arbor, MI : ProQuest, 2015. Available via World Wide Web. Access may be limited to ProQuest affiliated libraries.
|
| 650 |
|
0 |
|a Corporations, American
|z Canada.
|
| 650 |
|
0 |
|a Corporations, Foreign
|z Canada.
|
| 650 |
|
6 |
|a Societes americaines
|z Canada.
|
| 650 |
|
6 |
|a Societes etrangeres
|z Canada.
|
| 655 |
|
4 |
|a Electronic books.
|
| 710 |
2 |
|
|a ProQuest (Firm)
|
| 830 |
|
0 |
|a Carleton library series ;
|v 196.
|
| 856 |
4 |
0 |
|u https://ebookcentral.proquest.com/lib/matrademy/detail.action?docID=3331667
|z Click to View
|